[Event "NM for klubblag 2019"]
[Site "Scandic Ambassadeur, Drammen"]
[Date "2019.05.30"]
[Round "6"]
[White "Wister, Finn Arild"]
[Black "Berget, Eirik"]
[Result "1/2-1/2"]
[WhiteElo "1410"]
[BlackElo "1413"]
[PlyCount "81"]
[EventDate "2019.??.??"]

1. b4 e5 2. Bb2 d6 3. e3 Nf6 4. Nf3 Bg4 5. Be2 Be7 6. c4 Nbd7 7. b5 Nb6 8. Qc2
O-O 9. O-O Qd7 10. d3 Rac8 11. Nbd2 c6 12. a4 cxb5 13. axb5 Qxb5 14. Rxa7 Rfe8
15. Qb3 Qc6 16. Rfa1 Ra8 17. Rxa8 Rxa8 18. Rxa8+ Nxa8 19. h3 Bh5 20. Bd1 Nc7
21. Ng5 Bxd1 22. Qxd1 h6 23. Nge4 d5 24. Nxf6+ Bxf6 25. cxd5 Nxd5 26. Ne4 Qb5
27. Nxf6+ Nxf6 28. Qc2 Nd7 29. Qc3 f6 30. Ba3 Kf7 31. d4 e4 32. Bd6 Ke6 33. Qc7
Kd5 34. Be7 Qc6 35. Qa5+ b5 36. Qb4 Nb6 37. Bf8 Qc1+ 38. Kh2 Qc7+ 39. Kg1 Qc6
40. g3 Nd7 41. Bxg7 1/2-1/2

[Event "NM for klubblag 2019"]
[Site "Scandic Ambassadeur, Drammen"]
[Date "2019.05.30"]
[Round "6"]
[White "Hamre, Kenneth"]
[Black "Aure, Anders Nilsson"]
[Result "1-0"]
[WhiteElo "2033"]
[BlackElo "1783"]
[PlyCount "59"]
[EventDate "2019.??.??"]

1. b3 c5 2. Bb2 Nc6 3. e3 d5 4. Bb5 Nf6 5. f4 g6 6. Nf3 Bg7 7. Ne5 Qc7 8. Qf3
O-O 9. Bxc6 bxc6 10. O-O Nd7 11. d4 Ba6 12. Re1 c4 13. Nc3 Rab8 14. Nxd7 Qxd7
15. Na4 Qc7 16. Nc5 Bc8 17. Bc3 Rb5 18. b4 Bf5 19. a4 Rxc5 20. bxc5 Bxc2 21.
Re2 Be4 22. Qf2 f6 23. Rb2 e5 24. a5 Rb8 25. Rxb8+ Qxb8 26. Qb2 Qb3 27. Qxb3
cxb3 28. Ra4 Bd3 29. Rb4 Bb5 30. Rxb5 1-0

[Event "NM for klubblag 2019"]
[Site "Scandic Ambassadeur, Drammen"]
[Date "2019.05.30"]
[Round "6"]
[White "Hellenes, AndrÃ¨ Tsolis"]
[Black "Bjornes, Leif"]
[Result "1/2-1/2"]
[WhiteElo "1693"]
[BlackElo "1899"]
[PlyCount "38"]
[EventDate "2019.??.??"]

1. d4 d5 2. c4 c6 3. Nc3 Nf6 4. Bg5 e6 5. Nf3 Be7 6. e3 Nbd7 7. Bd3 O-O 8. O-O
b6 9. cxd5 cxd5 10. Rc1 Bb7 11. Qa4 a6 12. b4 b5 13. Qb3 Nb6 14. a4 bxa4 15.
Nxa4 Nxa4 16. Qxa4 Qb6 17. b5 axb5 18. Qxb5 Qxb5 19. Bxb5 Bd6 1/2-1/2

[Event "NM for klubblag 2019"]
[Site "Scandic Ambassadeur, Drammen"]
[Date "2019.05.30"]
[Round "6"]
[White "Kierulf, Villum Brevick"]
[Black "MÃ¸ller, Sveinung"]
[Result "0-1"]
[WhiteElo "1400"]
[BlackElo "1485"]
[PlyCount "76"]
[EventDate "2019.??.??"]

1. d4 d5 2. c4 c6 3. Nc3 Nf6 4. Nf3 Bf5 5. Bf4 e6 6. e3 Bd6 7. Bxd6 Qxd6 8. c5
Qc7 9. Bd3 Bg4 10. Qd2 Nbd7 11. O-O-O b6 12. cxb6 axb6 13. Kb1 O-O 14. Rc1 c5
15. Nb5 Qb8 16. h3 Bh5 17. g4 Bg6 18. Nh4 Bxd3+ 19. Qxd3 Ne4 20. Nc3 Nxf2 21.
Qc2 Nxh1 22. Rxh1 c4 23. Nf3 b5 24. a3 b4 25. axb4 Qxb4 26. h4 Rfb8 27. Ng5 Nf6
28. Rf1 Qa5 29. Kc1 h6 30. Nxe6 Qa1+ 31. Nb1 Ne4 32. Nc7 Ra2 33. Nxd5 Raxb2 34.
Qxe4 Rxb1+ 35. Kd2 Rxf1 36. Ne7+ Kf8 37. Qc6 Qc1+ 38. Ke2 Qd1# 0-1

[Event "NM for klubblag 2019"]
[Site "Scandic Ambassadeur, Drammen"]
[Date "2019.05.30"]
[Round "6"]
[White "Aarnes, Carl Christian"]
[Black "FlemsÃ¦ter, Egil"]
[Result "1-0"]
[WhiteElo "1851"]
[BlackElo "1408"]
[PlyCount "61"]
[EventDate "2019.??.??"]

1. e4 e5 2. Nf3 Nc6 3. Bc4 Bc5 4. c3 d6 5. d4 exd4 6. O-O Bg4 7. h3 Be6 8. Bg5
Qd7 9. Bxe6 Qxe6 10. cxd4 f6 11. Bf4 Nxd4 12. Nxd4 Qc4 13. Nb3 O-O-O 14. N1d2
Qf7 15. Rc1 Bb6 16. Nc4 g5 17. Nxd6+ Rxd6 18. Bxd6 Ne7 19. Qg4+ Kb8 20. Bc5 Nc6
21. Rfd1 Ne5 22. Qe2 h5 23. Qd2 Qe8 24. a4 a6 25. a5 Bxc5 26. Nxc5 g4 27. Qd5
Qc8 28. Qb3 Rg8 29. Nxa6+ Ka7 30. Rxc7 Qa8 31. Qb6# 1-0

[Event "NM for klubblag 2019"]
[Site "Scandic Ambassadeur, Drammen"]
[Date "2019.05.30"]
[Round "6"]
[White "Martens, Erik"]
[Black "Barstad, Thoralf N"]
[Result "0-1"]
[WhiteElo "1290"]
[BlackElo "1710"]
[PlyCount "50"]
[EventDate "2019.??.??"]

1. e4 c5 2. Nf3 d6 3. d4 cxd4 4. Nxd4 Nf6 5. Nc3 a6 6. Bc4 e6 7. Bb3 b5 8. Bg5
Be7 9. Qd3 O-O 10. O-O Qc7 11. a3 Nc6 12. Rae1 Nxd4 13. Qxd4 Bb7 14. e5 dxe5
15. Qxe5 Bd6 16. Qe3 Ng4 17. Qh3 Nxh2 18. Ne4 Nxf1 19. Nf6+ gxf6 20. Qh6 Be7
21. Rxe6 Qh2+ 22. Qxh2 Nxh2 23. Rxe7 fxg5 24. Rxb7 Ng4 25. Bd5 Rad8 0-1

[Event "NM for klubblag 2019"]
[Site "Scandic Ambassadeur, Drammen"]
[Date "2019.05.30"]
[Round "6"]
[White "Macksood, Azmil"]
[Black "Marthinussen, Tias Lian"]
[Result "1-0"]
[WhiteElo "1641"]
[BlackElo "1162"]
[PlyCount "47"]
[EventDate "2019.??.??"]

1. d4 d5 2. Nf3 Nf6 3. Bf4 Bf5 4. e3 Nc6 5. c3 g6 6. Nbd2 Bg7 7. Bb5 O-O 8.
Bxc6 bxc6 9. Nb3 Rb8 10. O-O Nh5 11. Ne5 Rb6 12. g4 Nxf4 13. gxf5 Nh5 14. fxg6
fxg6 15. f4 Qc8 16. Qe2 Qf5 17. Nc5 Bxe5 18. fxe5 Qg5+ 19. Kh1 Rxf1+ 20. Rxf1
Qh4 21. Qf3 Rb8 22. c4 dxc4 23. Ne6 Kh8 24. Qf8+ 1-0

[Event "NM for klubblag 2019"]
[Site "Scandic Ambassadeur, Drammen"]
[Date "2019.05.30"]
[Round "6"]
[White "Abrahamsson, Roaul"]
[Black "Stokhaug, Jon Arne"]
[Result "1/2-1/2"]
[WhiteElo "1980"]
[BlackElo "1833"]
[PlyCount "141"]
[EventDate "2019.??.??"]

1. d4 Nf6 2. Nf3 d5 3. c4 e6 4. Nc3 Be7 5. Bf4 c6 6. e3 O-O 7. Rc1 Nbd7 8. Bd3
dxc4 9. Bxc4 a6 10. O-O c5 11. Qc2 b5 12. Be2 Bb7 13. dxc5 Nxc5 14. Rfd1 Qb6
15. b4 Ncd7 16. Qb1 Rac8 17. Ne5 Rfd8 18. Nxd7 Rxd7 19. Rxd7 Nxd7 20. a3 Nf6
21. Be5 Qa7 22. Bd3 h6 23. Ne2 Qa8 24. Rxc8+ Qxc8 25. Qc2 Qxc2 26. Bxc2 Nd7 27.
Bc3 Bf6 28. Bxf6 Nxf6 29. Nc3 Ne8 30. Bd3 Nc7 31. e4 e5 32. g3 Kf8 33. f4 Ke7
34. Kf2 Kd6 35. a4 Bc6 36. axb5 axb5 37. Ke3 f6 38. f5 Na6 39. Na2 Be8 40. Kd2
Nc7 41. Kc3 Na8 42. Kb2 Bd7 43. Nc3 Nc7 44. Ne2 Na6 45. Kb3 Be8 46. Nc3 Nc7 47.
Ne2 Na6 48. g4 Nc7 49. Ng3 Bf7+ 50. Kc3 Kc6 51. Bc2 Kd6 52. Bb3 Bxb3 53. Kxb3
Ke7 54. Kc3 Na6 55. Nf1 Kd6 56. Nd2 Nb8 57. Nf3 Ke7 58. h4 Nc6 59. g5 hxg5 60.
hxg5 fxg5 61. Nxg5 Nd4 62. Nh3 Kf6 63. Nf2 Nxf5 64. exf5 Kxf5 65. Kd3 Kf4 66.
Ke2 e4 67. Nh3+ Ke5 68. Ke3 Kd5 69. Nf2 Kc4 70. Nxe4 Kxb4 71. Nd6 
1/2-1/2

[Event "NM for klubblag 2019"]
[Site "Scandic Ambassadeur, Drammen"]
[Date "2019.05.30"]
[Round "6"]
[White "Johnsen, Ã~ystein"]
[Black "Strand, Andreas"]
[Result "1-0"]
[WhiteElo "1995"]
[BlackElo "1920"]
[PlyCount "69"]
[EventDate "2019.??.??"]

1. d4 d5 2. Bf4 Nf6 3. e3 e6 4. Nf3 Be7 5. Bd3 O-O 6. Nbd2 a5 7. Ne5 c5 8. c3
Nbd7 9. Qf3 c4 10. Bc2 Nxe5 11. dxe5 Nd7 12. Qg3 f5 13. h4 b5 14. Nf3 Nc5 15.
Bg5 Bd7 16. Nd4 b4 17. Bxe7 Qxe7 18. f4 Rfb8 19. Qf3 bxc3 20. bxc3 Rb2 21. Nxf5
Qe8 22. Nd6 Qf8 23. Qd1 a4 24. O-O g6 25. h5 Qg7 26. hxg6 hxg6 27. Rf3 a3 28.
Rg3 Ba4 29. Bxa4 Nxa4 30. e4 Qa7+ 31. Kh2 Kf8 32. Qg4 Ke7 33. Rh3 Qf2 34. Rh7+
Kd8 35. Qg5# 1-0

[Event "NM for klubblag 2019"]
[Site "Scandic Ambassadeur, Drammen"]
[Date "2019.05.30"]
[Round "6"]
[White "Grave, Jacob Templen"]
[Black "Tandberg, Gjermund"]
[Result "1-0"]
[WhiteElo "1747"]
[BlackElo "1598"]
[PlyCount "33"]
[EventDate "2019.??.??"]

1. d4 d5 2. c4 c6 3. Nc3 Nf6 4. e3 e6 5. Nf3 Bd6 6. b3 Nbd7 7. Bd3 O-O 8. O-O
Re8 9. Qc2 h6 10. Bb2 e5 11. cxd5 Nxd5 12. Nxd5 cxd5 13. dxe5 Nxe5 14. Nxe5
Bxe5 15. Bxe5 Rxe5 16. Rac1 Qh4 17. Qxc8+ 1-0

[Event "NM for klubblag 2019"]
[Site "Scandic Ambassadeur, Drammen"]
[Date "2019.05.30"]
[Round "6"]
[White "Strand, Ingrid"]
[Black "DÃ¦hli, Vincent"]
[Result "1-0"]
[WhiteElo "1526"]
[BlackElo "1624"]
[PlyCount "69"]
[EventDate "2019.??.??"]

1. d4 d5 2. c4 e6 3. Nc3 Nf6 4. Nf3 c5 5. Bg5 Nc6 6. e3 cxd4 7. Nxd4 Be7 8. Nf3
O-O 9. Be2 dxc4 10. Bxc4 a6 11. O-O Qc7 12. Bb3 b5 13. Rc1 Bb7 14. Qe2 Qb6 15.
Bc2 Rad8 16. h3 Rd7 17. Bxf6 Bxf6 18. Ne4 Bxb2 19. Rb1 Ba3 20. Nfg5 f5 21. Rfd1
Re7 22. Ng3 h6 23. Nxe6 Rf6 24. Nf4 Ne5 25. Bb3+ Kh8 26. Ngh5 Rd6 27. Rxd6 Qxd6
28. Rd1 Qb6 29. Ng3 g6 30. Qc2 Bc5 31. Nxf5 gxf5 32. Qxf5 Bxe3 33. Qf8+ Kh7 34.
Qxe7+ Kh8 35. Rd8+ 1-0

[Event "NM for klubblag 2019"]
[Site "Scandic Ambassadeur, Drammen"]
[Date "2019.05.30"]
[Round "6"]
[White "Haug, Johannes"]
[Black "Moen, Ole Christian"]
[Result "1-0"]
[WhiteElo "2438"]
[BlackElo "2237"]
[PlyCount "81"]
[EventDate "2019.??.??"]

1. d4 Nf6 2. c4 g6 3. g3 Bg7 4. Bg2 O-O 5. Nf3 c5 6. O-O cxd4 7. Nxd4 Nc6 8.
Nc3 Qa5 9. e3 Qa6 10. b3 d6 11. Bb2 Nxd4 12. Qxd4 Nd7 13. Qd2 Qa5 14. Rfd1 Re8
15. Qc2 Ne5 16. h3 Bf5 17. e4 Bd7 18. Nd5 Rac8 19. Bc3 Qd8 20. Qb2 b5 21. f4 e6
22. Nb4 Qb6+ 23. Kh2 a5 24. Nc2 Nxc4 25. bxc4 Bxc3 26. Qxc3 Rxc4 27. Qe3 Qc7
28. Ne1 b4 29. Qd2 Ba4 30. Rdc1 Rc8 31. Rxc4 Qxc4 32. Qxd6 Qe2 33. Qe5 Rc3 34.
Qxa5 Qb2 35. Qxa4 Qxa1 36. Nf3 Qb2 37. Qe8+ Kg7 38. Ne5 Rc7 39. Nd7 Rxd7 40.
Qxd7 Qxa2 41. Qd4+ 1-0

[Event "NM for klubblag 2019"]
[Site "Scandic Ambassadeur, Drammen"]
[Date "2019.05.30"]
[Round "6"]
[White "Nordquelle, Daniel"]
[Black "Edakina, Anastasia"]
[Result "1-0"]
[WhiteElo "2080"]
[BlackElo "1697"]
[PlyCount "53"]
[EventDate "2019.??.??"]

1. e4 c5 2. Nc3 d6 3. g3 g6 4. Bg2 Bg7 5. Nge2 e6 6. d3 Ne7 7. Be3 Nbc6 8. Qd2
Rb8 9. Bh6 O-O 10. h4 f5 11. h5 Rf6 12. hxg6 Rxg6 13. Bxg7 Rxg7 14. Nf4 Qf8 15.
O-O-O e5 16. Nh5 Rg6 17. f4 Be6 18. Rdf1 Kf7 19. fxe5 Nxe5 20. Bh3 Ke8 21. Nf4
Rf6 22. Nxe6 Rxe6 23. exf5 Rf6 24. Ne4 Rh6 25. f6 Nd5 26. Bd7+ Kxd7 27. Qxh6
1-0

[Event "NM for klubblag 2019"]
[Site "Scandic Ambassadeur, Drammen"]
[Date "2019.05.30"]
[Round "6"]
[White "Urkedal, Frode Olav Olsen"]
[Black "Agdestein, Simen"]
[Result "1-0"]
[WhiteElo "2525"]
[BlackElo "2569"]
[PlyCount "101"]
[EventDate "2019.??.??"]

1. d4 e6 2. e4 d5 3. Nc3 Bb4 4. e5 b6 5. Qg4 Bf8 6. Nf3 Ne7 7. h4 h5 8. Qf4 Ba6
9. Nd1 Bxf1 10. Kxf1 Qd7 11. Kg1 c5 12. c3 Nbc6 13. Rh3 Rc8 14. Ng5 Ng6 15. Qd2
Be7 16. Nf3 b5 17. Qe2 b4 18. Be3 cxd4 19. cxd4 Bd8 20. b3 Nce7 21. Nb2 Nf5 22.
Nd3 Qb5 23. Qd2 Rc3 24. Nc5 Ngxh4 25. Nxh4 Bxh4 26. a3 Rxc5 27. dxc5 bxa3 28.
Rxa3 O-O 29. b4 Qc4 30. Bg5 Bxg5 31. Qxg5 h4 32. g4 hxg3 33. Raxg3 Qe2 34. Rg4
Qxe5 35. Qh5 f6 36. Qg6 Qc7 37. Qh7+ Kf7 38. Rhg3 Rg8 39. Rf3 Qe5 40. Kg2 d4
41. Qh5+ Ke7 42. Qh7 Kf7 43. Ra3 Qc7 44. Qg6+ Kf8 45. Qh5 Qd7 46. Qh3 e5 47.
Qf3 Ne7 48. Ra6 Nc8 49. Rxf6+ gxf6 50. Qxf6+ Qf7 51. Qd8+ 
1-0

[Event "NM for klubblag 2019"]
[Site "Scandic Ambassadeur, Drammen"]
[Date "2019.05.30"]
[Round "6"]
[White "Gandrud, Vegar Koi"]
[Black "Getz, Nicolai"]
[Result "1/2-1/2"]
[WhiteElo "2325"]
[BlackElo "2380"]
[PlyCount "111"]
[EventDate "2019.??.??"]

1. d4 Nf6 2. c4 g6 3. Nc3 Bg7 4. e4 d6 5. Nf3 O-O 6. Be2 e5 7. d5 a5 8. Be3 Ng4
9. Bg5 f6 10. Bh4 Qe8 11. Nd2 f5 12. Bxg4 fxg4 13. Bg5 Na6 14. O-O Bd7 15. b3
Bf6 16. Be3 Qe7 17. a3 Bg5 18. Qe2 Rfb8 19. Rfb1 Bxe3 20. Qxe3 b5 21. b4 axb4
22. axb4 bxc4 23. b5 Nc5 24. Rxa8 Rxa8 25. Nxc4 Be8 26. g3 Rb8 27. Na5 Qf6 28.
Kg2 g5 29. Nc4 Bg6 30. b6 cxb6 31. Rxb6 Rxb6 32. Nxb6 Kg7 33. Nc4 h6 34. f3
gxf3+ 35. Qxf3 Qe7 36. g4 Nb3 37. Nb5 Nd4 38. Nxd4 exd4 39. Nd2 Qc7 40. Kf2 Qc3
41. Ke2 Be8 42. Qxc3 dxc3 43. Nb3 Kf6 44. Nd4 Ke5 45. Ke3 Ba4 46. Nc6+ Kf6 47.
Kd3 Bd1 48. Kxc3 Bxg4 49. Kd4 Bc8 50. e5+ dxe5+ 51. Nxe5 h5 52. d6 Ke6 53. d7
Bxd7 54. Nxd7 Kxd7 55. Ke5 Ke7 56. Ke4 
1/2-1/2

[Event "NM for klubblag 2019"]
[Site "Scandic Ambassadeur, Drammen"]
[Date "2019.05.30"]
[Round "6"]
[White "Juriloo, Karl"]
[Black "Rukovci, Shemsi"]
[Result "1/2-1/2"]
[WhiteElo "1978"]
[BlackElo "1914"]
[PlyCount "93"]
[EventDate "2019.??.??"]

1. e4 e5 2. Nf3 Nf6 3. Nxe5 d6 4. Nf3 Nxe4 5. Nc3 Nf6 6. d4 d5 7. Bd3 Bd6 8.
Qe2+ Qe7 9. Qxe7+ Bxe7 10. Nb5 Na6 11. Bf4 c6 12. Nd6+ Bxd6 13. Bxd6 Ne4 14.
Bxe4 dxe4 15. Nd2 Bf5 16. O-O-O O-O-O 17. Bf4 Rxd4 18. Be5 Rd5 19. Nc4 Kd7 20.
Ne3 Rxd1+ 21. Rxd1+ Ke6 22. Bf4 Bg6 23. g4 Ke7 24. h4 h5 25. gxh5 Rxh5 26. b4
f6 27. a3 Rxh4 28. Bd6+ Ke6 29. Bg3 Rh3 30. Rd8 Bf7 31. Rd6+ Ke7 32. Nf5+ Ke8
33. Nxg7+ Kf8 34. Nf5 Nc7 35. Rxf6 Ne8 36. Bd6+ Nxd6 37. Nxd6 Ke7 38. Nxe4 Bd5
39. Rf4 Rxa3 40. Nc5 b6 41. Nd3 a5 42. Kb2 Ra2+ 43. Kb1 Ra3 44. bxa5 Rxa5 45.
c4 Be6 46. Kb2 Rf5 47. Re4 
1/2-1/2